Flaggen der Bundesstaaten Brasiliens - Statistiken

Allgemein
  • Dieses Quiz wurde 6 mal gespielt
  • Das Durchschnittsergebnis liegt bei 18 aus 27
Antwortstatistiken
Bildquiz Antwort % Korrekt
Acre
100%
Bahia
100%
Amapá
75%
Amazonas
75%
Espírito Santo
75%
Mato Grosso do Sul
75%
Minas Gerais
75%
Paraná
75%
Pernambuco
75%
Piauí
75%
Rio de Janeiro
75%
Rio Grande do Norte
75%
Rio Grande do Sul
75%
São Paulo
75%
Tocantins
75%
Alagoas
50%
Ceará
50%
Distrito Federal
50%
Goiás
50%
Maranhão
50%
Mato Grosso
50%
Pará
50%
Paraíba
50%
Rondônia
50%
Roraima
50%
Santa Catarina
50%
Sergipe
50%
Keine übereinstimmenden Quizze gefunden
Verteilung der Resultate
Anzahl Personen mit jedem Resultat
Perzentil nach korrekt beantworteten Fragen
Ihre Resultats-Entwicklung
Sie haben dieses Quiz noch nicht gespielt